The Institutional Framework of European Private Law : (Record no. 619377)

MARC details
000 -LEADER
fixed length control field 00500nam a2200193 a 4500
008 - FIXED-LENGTH DATA ELEMENTS--GENERAL INFORMATION
fixed length control field 260416s2006##################000#0#eng##
020 ## - INTERNATIONAL STANDARD BOOK NUMBER
ISBN 9780199296040
082 04 - DEWEY DECIMAL CLASSIFICATION NUMBER
Classification number 346.24
Item number CAF
100 1# - MAIN ENTRY--AUTHOR NAME
Personal name Cafaggi, Fabrizio,
245 10 - TITLE STATEMENT
Title The Institutional Framework of European Private Law :
260 ## - PUBLICATION, DISTRIBUTION, ETC. (IMPRINT)
Year of publication 2006.
300 ## - PHYSICAL DESCRIPTION
Number of Pages 362 pages
650 #0 - SUBJECT ADDED ENTRY--TOPICAL TERM
Topical Term Law.
942 ## - ADDED ENTRY ELEMENTS (KOHA)
Koha item type English Books

No items available.

Find us on the map